| 000 | 00832nam a22002057a 4500 | ||
|---|---|---|---|
| 999 |
_c20380 _d20380 |
||
| 003 | AR-CdUCM | ||
| 008 | 190529b ||||| |||| 00| 0 spa d | ||
| 040 |
_aMUNICIPALIDAD PROVINCIAL DEL CUSCO _cBIBLIOTECA MUNICIPAL DEL CUSCO |
||
| 082 |
_a344.311 / _bZ47 |
||
| 100 |
_aZavaleta, Arturo J. _942620 |
||
| 245 |
_aPrisión preventiva y la libertad provisoria : _bAntecedentes historicos, doctrina, legislación y jurisprudencia / |
||
| 260 |
_aBuenos Aires: _bArayu, _c1954. |
||
| 300 |
_a416 páginas ; _c24 cm. |
||
| 505 | _aContenido : La prisión preventiva -- Medidas estrictas de la libertad personal en la antigüedad -- Legislación Romana... | ||
| 650 |
_aLibertad personal _942621 |
||
| 650 |
_aLibertad provisoria de derecho _942622 |
||
| 650 |
_aLibertad bajo confianza _942623 |
||
| 942 |
_2ddc _cLIBROS |
||
| 945 | _arcc | ||